000 00304nam a22001217a 4500
008 230620b xxu||||| |||| 00| 0 eng d
082 _a316.76
_bCBS
100 _cEconomics and statistics Division
245 _aStatistical Abstract 1972
260 _aKenya
_bCBS
_c1972
300 _a245p
942 _2ddc
_cBK
999 _c1533
_d1533